Tintin Books Quiz Stats

 Plays Quiz Updated Mar 13, 2020

     
Support Sporcle.
Go Orange.
Score 0/23 Timer 06:00
0 Plays Today
Date Book % Correct
1932Tintin in America
79.1%
1931Tintin in the Congo
68.4%
1936The Blue Lotus
67.7%
1960Tintin in Tibet
67%
1944Red Rackham's Treasure
62%
1938The Black Island
56.8%
1953Destination Moon
56.7%
1948The Seven Crystal Balls
56.3%
1956The Calculus Affair
55.2%
1943The Secret of the Unicorn
55.2%
1976Tintin and the Picaros
54.4%
1934Cigars of the Pharaoh
54.2%
Date Book % Correct
1968Flight 714
54%
1937The Broken Ear
54%
1942The Crab with the Golden Claws
51.4%
1954Explorers on the Moon
50.9%
1963The Castafiore Emerald
50.5%
1951Land of Black Gold
50%
1942The Shooting Star
47.5%
1958The Red Sea Sharks
47.1%
1930Tintin in the Land of Soviets
46.7%
1949Prisoners of the Sun
44.6%
1942King Ottokar's Sceptre
43.4%

From the Vault

First 300 Words: Declaration of Independence

by wasting2muchtime

History 8m
Going by the United States' example, declaring independence takes more than 300 words.
Remove Ads.
Support Sporcle.
Get the best of Sporcle when you Go Orange. This ad-free experience offers more features, more stats, and more fun while also helping to support Sporcle. Thank you for becoming a member.

Show Comments

Extras

Top Quizzes Today


Score Distribution

Your Account Isn't Verified!

In order to create a playlist on Sporcle, you need to verify the email address you used during registration. Go to your Sporcle Settings to finish the process.

Report this User

Report this user for behavior that violates our Community Guidelines.

Details: